000 00793nam a2200217 i 4500
001 bg
100 1 _aGORDON, Michael J. C.
245 0 _aDenotacyjny opis języków programowania /
_cMichael J. C. Gordon ; z ang. przeł. Andrzej Tarlecki.
260 _aWarszawa :
_bWydawnictwa Naukowo-Techniczne,
_c1983.
300 _a209, [3] s. :
_brys. ;
_c24 cm.
490 1 _aBiblioteka Inżynierii Oprogramowania
500 _aWyd. pol. uzup. dodatkiem pt. Zarys teorii równań stałopunktowych semantyki denotacyjnej / napicanym przez A. J. Bliklego.
830 _aBiblioteka Inżynierii Oprogramowania
020 _a8320405580
040 _cBPK
041 _apol
080 _a519.682:519.7:801.54
920 _a83-204-0558-0
942 _cKS
008 s pl f |000 0 pol
999 _c22585
_d22585
856 _uhttp://koha.tu.koszalin.pl/cgi-bin/koha/opac-detail.pl?biblionumber=22585
_yKatalog online BPK